000 00370nam a2200157Ia 4500
005 20250423094552.0
008 250422s9999 xx 000 0 und d
020 _a0- 7645- 5658- 4
050 _aQA 76.73.B3 .W4556/
100 _aThearon Willis
245 0 _aBeginning VB.NET 2003
260 _bWiley publishing
260 _c2004
300 _a820 p
942 _cBK
999 _c27631
_d27631